Vademécum de farmacología veterinaria en perros y gatos / (Registro nro. 73124)
[ vista simple ]
| 000 -LEADER | |
|---|---|
| fixed length control field | 01313nam a2200337 i 4500 |
| 001 - CONTROL NUMBER | |
| control field | 73124 |
| 003 - CONTROL NUMBER IDENTIFIER | |
| control field | Mx-PuUPA |
| 005 - DATE AND TIME OF LATEST TRANSACTION | |
| control field | 20251020130721.0 |
| 008 - FIXED-LENGTH DATA ELEMENTS--GENERAL INFORMATION | |
| fixed length control field | 251020s2024 mx |||grd||| 00| 0 spa d |
| 020 ## - INTERNATIONAL STANDARD BOOK NUMBER | |
| International Standard Book Number | 9786071747464 |
| 040 ## - CATALOGING SOURCE | |
| Original cataloging agency | Mx-PuUPA |
| Language of cataloging | spa |
| Transcribing agency | Mx-PuUPA |
| Modifying agency | Mx-PuUPA |
| Description conventions | rda |
| 041 0# - LANGUAGE CODE | |
| Language code of text/sound track or separate title | spa |
| 100 1# - MAIN ENTRY--PERSONAL NAME | |
| Personal name | González Carro, Miguel Ángel, |
| 9 (RLIN) | 17612 |
| Relator term | autor |
| 245 10 - TITLE STATEMENT | |
| Title | Vademécum de farmacología veterinaria en perros y gatos / |
| Statement of responsibility, etc. | Miguel Ángel González Carro |
| 250 ## - EDITION STATEMENT | |
| Edition statement | Cuarta edición / |
| Remainder of edition statement | junio |
| 264 #1 - PRODUCTION, PUBLICATION, DISTRIBUTION, MANUFACTURE, AND COPYRIGHT NOTICE | |
| Place of production, publication, distribution, manufacture | Ciudad de México : |
| Name of producer, publisher, distributor, manufacturer | Editorial Trillas, |
| Date of production, publication, distribution, manufacture, or copyright notice | 2024 |
| 300 ## - PHYSICAL DESCRIPTION | |
| Extent | 486 páginas : |
| Other physical details | tablas ; |
| Dimensions | 23 cm |
| 336 ## - CONTENT TYPE | |
| Fuente | rdacontent |
| Content type term | texto |
| Content type code | txt |
| 337 ## - MEDIA TYPE | |
| Source | rdamedia |
| Media type term | sin medio |
| Media type code | n |
| 338 ## - CARRIER TYPE | |
| Source | rdacarrier |
| Carrier type term | volumen |
| Carrier type code | nc |
| 500 ## - GENERAL NOTE | |
| General note | "Más de 300 fármacos ordenados alfabéticamente ; Aplicación clínica ; Dosis y rutas de administración". -- Cubierta |
| 650 #7 - SUBJECT ADDED ENTRY--TOPICAL TERM | |
| Source of heading or term | armarc |
| Topical term or geographic name entry element | Farmacología |
| Form subdivision | Diccionarios |
| 650 #7 - SUBJECT ADDED ENTRY--TOPICAL TERM | |
| Source of heading or term | armarc |
| Topical term or geographic name entry element | Gatos |
| General subdivision | Enfermedades |
| -- | Tratamiento |
| 650 #7 - SUBJECT ADDED ENTRY--TOPICAL TERM | |
| Source of heading or term | armarc |
| Topical term or geographic name entry element | Perros |
| General subdivision | Enfermedades |
| -- | Tratamiento |
| 650 #7 - SUBJECT ADDED ENTRY--TOPICAL TERM | |
| Source of heading or term | armarc |
| Topical term or geographic name entry element | Veterinaria |
| 942 ## - ADDED ENTRY ELEMENTS (KOHA) | |
| Source of classification or shelving scheme | Dewey Decimal Classification |
| Koha item type | Libro |
| Classification part | 636.0895103 |
| Item part | G64 |
| Withdrawn status | Lost status | Source of classification or shelving scheme | Damaged status | Not for loan | Collection code | Home library | Current library | Shelving location | Date acquired | Source of acquisition | Cost, normal purchase price | Total Checkouts | Full call number | Barcode | Date last seen | Date last checked out | Cost, replacement price | Price effective from | Koha item type | Copy number |
|---|---|---|---|---|---|---|---|---|---|---|---|---|---|---|---|---|---|---|---|---|
| Dewey Decimal Classification | General | Biblioteca Karol Wojtyla | Biblioteca Karol Wojtyla | Sala general | 15/10/2025 | 1 | 738.00 | 1 | 636.0895103 G64 2024 | 106126 | 16/04/2026 | 26/03/2026 | 738.00 | 15/10/2025 | Libro | |||||
| Dewey Decimal Classification | General | Biblioteca Karol Wojtyla | Biblioteca Karol Wojtyla | Sala general | 15/10/2025 | 1 | 738.00 | 1 | 636.0895103 G64 2024 | 106128 | 06/05/2026 | 06/05/2026 | 738.00 | 15/10/2025 | Libro | Ej.3 | ||||
| Dewey Decimal Classification | General | Biblioteca Karol Wojtyla | Biblioteca Karol Wojtyla | Sala general | 15/10/2025 | 1 | 738.00 | 1 | 636.0895103 G64 2024 | 106127 | 20/03/2026 | 05/03/2026 | 738.00 | 15/10/2025 | Libro | Ej.2 |